Unlocking the Scriptures : (Record no. 2743)

MARC details
000 -LEADER
fixed length control field 01167cam a2200289 a 4500
001 - CONTROL NUMBER
control field 12719314
003 - CONTROL NUMBER IDENTIFIER
control field GBCCL
005 - DATE AND TIME OF LATEST TRANSACTION
control field 20241126110438.0
008 - FIXED-LENGTH DATA ELEMENTS--GENERAL INFORMATION
fixed length control field 020326r20031986cou b 000 0 eng
010 ## -
-- 2002004797
020 ## - INTERNATIONAL STANDARD BOOK NUMBER
International Standard Book Number 0781438160
040 ## - CATALOGING SOURCE
Original cataloging agency DLC
Transcribing agency DLC
Modifying agency DLC
050 00 -
-- BS600.3
-- .F56 2003
082 00 - DEWEY DECIMAL CLASSIFICATION NUMBER
Classification number 220.071
Edition information 21
Item number FIN
100 1# - MAIN ENTRY--PERSONAL NAME
Personal name Finzel, Hans.
9 (RLIN) 5799
245 10 - TITLE STATEMENT
Title Unlocking the Scriptures :
Remainder of title three steps to personal Bible study /
Statement of responsibility, etc. Hans Finzel.
260 ## - PUBLICATION, DISTRIBUTION, ETC.
Place of publication, distribution, etc. Colorado Springs, Colo. :
Name of publisher, distributor, etc. Victor,
Date of publication, distribution, etc. 1986.
300 ## - PHYSICAL DESCRIPTION
Extent 144 p. ;
Dimensions 22 cm.
500 ## - GENERAL NOTE
General note Originally published: Wheaton, Ill. : Scripture Press Publications, 1986.
504 ## - BIBLIOGRAPHY, ETC. NOTE
Bibliography, etc. note Includes bibliographical references (p. 189-190).
630 00 - SUBJECT ADDED ENTRY--UNIFORM TITLE
Uniform title Bible
General subdivision Study and teaching.
9 (RLIN) 498
856 42 - ELECTRONIC LOCATION AND ACCESS
Materials specified Contributor biographical information
Uniform Resource Identifier <a href="http://www.loc.gov/catdir/enhancements/fy0909/2002004797-b.html">http://www.loc.gov/catdir/enhancements/fy0909/2002004797-b.html</a>
856 42 - ELECTRONIC LOCATION AND ACCESS
Materials specified Publisher description
Uniform Resource Identifier <a href="http://www.loc.gov/catdir/enhancements/fy0909/2002004797-d.html">http://www.loc.gov/catdir/enhancements/fy0909/2002004797-d.html</a>
906 ## - LOCAL DATA ELEMENT F, LDF (RLIN)
a 7
b cbc
c orignew
d 1
e ecip
f 20
g y-gencatlg
942 ## - ADDED ENTRY ELEMENTS (KOHA)
Source of classification or shelving scheme Dewey Decimal Classification
Koha item type Books
Holdings
Withdrawn status Lost status Source of classification or shelving scheme Damaged status Not for loan Home library Current Library Shelving location Date acquired Total checkouts Full call number Barcode Date last seen Copy number Price effective from Koha item type
    Dewey Decimal Classification     GRACE BIBLE COLLEGE GRACE BIBLE COLLEGE Biblical Studies 2017-09-14   220.071 FIN 001636 2025-05-01 c.1 2017-09-14 Books
© Grace Bible College Library 2025